000 nam a22 7a 4500
999 _c8255
_d8255
008 171213b xxu||||| |||| 00| 0 eng d
020 _a9780670049288
100 _aKala, Abdul A P J
_94679
245 _aIgnited minds
_bunleashing the power with in India
260 _aNew Delhi
_bViking Publication
_c2002